Responses for Show #3240 - Friday, October 9, 1998

Melizza Zygmunt game 2.

Contestants

[<< previous game]

Roger Clendening II, an insurance company clerk from St. Petersburg, Florida

Diane Pietrzak, a computer programmer from Algonquin, Illinois

Melizza Zygmunt, a stay-at-home mom from Valparaiso, Indiana (whose 1-day cash winnings total $5,900)

[next game >>]

Jeopardy! Round responses

17th CENTURY AMERICA
TOYS IN THE GARAGE
ART & ARTISTS
BARRY MANILOW
LOW SELF-ESTEEM
MORE CELEBRITY RHYME TIME
    $100 26
Manhattan

Melizza
    $100 1
Troll

Roger
    $100 15
Grant Wood

Melizza
    $100 20
Bette Midler

Melizza
    $100 11
Ford

Roger
    $100 2
Mick's tricks

Melizza
    $200 27
The Mayflower Compact

Diane
    $200 7
"Mousetrap"

Roger
    $200 16
Toulouse-Lautrec

Diane
    $200 21
Band-Aids

Roger
    $200 12
"We're Not Worthy!"

Roger
    $200 3
Bill's pills

Diane
    $300 28
(Roger: What are hymns?)

Psalms

MelizzaRoger
    $300 8
Cootie

Triple Stumper
    $1,000 17
(Diane: [No response])

Roy Lichtenstein

Diane
    $300 23
"Mandy"

Diane
    $300 13
Ugly

Roger
    $300 4
Art's parts

Roger
    $400 29
Roger Williams

Roger
    $400 9
Barrel of Monkeys

Diane
    $400 18
Diego Rivera

Melizza
    $400 24
(2 of) Lola, Rico & Tony

Diane
    $400 14
Cyrano de Bergerac

Diane
    $400 5
Danner's banners

Roger
    $500 30
(Diane: Who is Lafitte?)

Captain Kidd

Diane
Triple Stumper
    $500 10
Lite-Brite

Roger
    $500 19
Ashcan School

Triple Stumper
    $500 25
"Weekend In New England"

Triple Stumper
    $500 22
Franz Kafka

Melizza
    $500 6
Strug's hugs

Melizza

Scores at the first commercial break (after clue 15):

Melizza Diane Roger
$700 $1,000 $2,100

Scores at the end of the Jeopardy! Round:

Melizza Diane Roger
$2,100 $600 $2,400

Double Jeopardy! Round responses

1980s LIT
INVENTORS
THE 50 STATES
THE FANNIE FARMER COOKBOOK
MOVIE DEBUTS
"PEN" PALS
    $200 17
Norman Mailer

Triple Stumper
    $200 6
Margarine

Roger
    $200 1
Texas

Roger
    $200 11
Fish

Roger
    $200 18
Steven Seagal

Roger
    $200 12
Penny wise

Melizza
    $400 27
John le Carre

Melizza
    $400 7
Mirrors

Melizza
    $400 2
New York

Roger
    $400 23
Crepes

Melizza
    $400 19
Richard Gere

Melizza
    $400 13
Penzance

Melizza
    $600 28
"The Witches Of Eastwick"

Roger
    $600 8
Double boiler

Melizza
    $600 3
South Dakota

Roger
    $600 24
4

Triple Stumper
    $1,000 20
On the Waterfront

Melizza
    $600 14
Pentameter

Melizza
    $800 29
Sylvia Plath

Diane
    $800 9
(Diane: Who is Peugeot?)
(Roger: Who is Michelin?)

Louis Renault

DianeRoger
Triple Stumper
    $1,500 4
(Roger: What is Massachusetts?)

Pennsylvania

Roger
    $800 25
Well-beaten eggs

Triple Stumper
    $800 21
"Escape From Alcatraz"

Triple Stumper
    $800 15
Penultimate

Melizza
    $1000 30
"The Satanic Verses"

Triple Stumper
    $1000 10
Ernest Lawrence

Melizza
    $1000 5
Rhode Island

Melizza
    $1000 26
Olive oil

Roger
    $1000 22
Tippi Hedren

Melizza
    $1000 16
Pentateuch

Roger

Scores at the end of the Double Jeopardy! Round:

Melizza Diane Roger
$10,300 $600 $4,500
(lock game)

[wagering suggestions for these scores]

Final Jeopardy! Round responses

WORDS
DianeWhat is a siren? :)
$599
RogerWhat are sirens?
$4,500
MelizzaWhat is siren?
$500
a siren

Final scores:

Melizza Diane Roger
$10,800 $1,199 $9,000
2-day champion: $16,700 3rd place: Vivitar Sport Travel Kit 2nd place: Trip to Doubletree Alana Waikiki Hotel, Honolulu

Game dynamics:

Coryat scores:

Melizza Diane Roger
$9,900 $1,600 $6,000
21 R
(including 1 DD),
0 W
8 R,
3 W
(including 1 DD)
19 R,
3 W
(including 1 DD)

Combined Coryat: $17,500

[game clues] [game scores] [suggest correction]

Game tape date: 1998-08-11
The J! Archive is created by fans, for fans. Scraping, republication, monetization, and malicious use prohibited; this site may use cookies and collect identifying information. See terms. The Jeopardy! game show and all elements thereof, including but not limited to copyright and trademark thereto, are the property of Jeopardy Productions, Inc. and are protected under law. This website is not affiliated with, sponsored by, or operated by Jeopardy Productions, Inc. Join the discussion at JBoard.tv.